| 000 | 00351nam a2200145Ia 4500 | ||
|---|---|---|---|
| 008 | 230917s9999||||xx |||||||||||||| ||und|| | ||
| 040 |
_e26022 _aMAIN |
||
| 041 | _aEnglish | ||
| 082 | _a005.43 W185I | ||
| 100 | _aWang, Paul S | ||
| 245 | 0 | _aIntroduction to berkeley unix | |
| 260 |
_aBelmant _bWadsworth _c1988 |
||
| 300 | _alv, 512 p. | ||
| 942 | _cBK | ||
| 999 |
_c77970 _d77970 |
||